00341nam a2200121 i 4500001000300000100001900003245011100022260001900133040000800152041000800160080001000168008004100178bg1 aBELL, James F. 0aEksperimental'nye osnovy mechaniki deformiruemych tverdych tel. C.2,Konečnye deformacii /cDż.F. Bell. aMoskva,c1984. cBPK apol a539.3 s pl f |000 0 pol